The Constitution of India: (Record no. 70607)

MARC details
000 -LEADER
fixed length control field 00901cam a22002771 4500
001 - CONTROL NUMBER
control field sa 66006636
003 - CONTROL NUMBER IDENTIFIER
control field DLC
005 - DATE AND TIME OF LATEST TRANSACTION
control field 20260227112257.0
008 - FIXED-LENGTH DATA ELEMENTS--GENERAL INFORMATION
fixed length control field 740925s1966 ii b 000 0 eng
010 ## - LIBRARY OF CONGRESS CONTROL NUMBER
LC control number sa 66006636
015 ## - NATIONAL BIBLIOGRAPHY NUMBER
National bibliography number PL480:I-E-6414
035 ## - SYSTEM CONTROL NUMBER
System control number (OCoLC)1020860
040 ## - CATALOGING SOURCE
Original cataloging agency DLC
Transcribing agency OTU
Modifying agency OCoLC
-- DLC
042 ## - AUTHENTICATION CODE
Authentication code premarc
050 00 - LIBRARY OF CONGRESS CALL NUMBER
Classification number KNS1760
Item number .G46 1966
082 ## - DEWEY DECIMAL CLASSIFICATION NUMBER
Classification number 342.5409
100 1# - MAIN ENTRY--PERSONAL NAME
Personal name Ghosh, Pratap Kumar.
245 14 - TITLE STATEMENT
Title The Constitution of India:
Remainder of title how it has been framed.
260 ## - PUBLICATION, DISTRIBUTION, ETC.
Place of publication, distribution, etc. Calcutta,
Name of publisher, distributor, etc. World Press,
Date of publication, distribution, etc. 1966.
300 ## - PHYSICAL DESCRIPTION
Extent x, 427 p.
500 ## - GENERAL NOTE
General note Contains the first 17 amendment acts to the Constitution, 1951-1964, other legislation, and related statements: p. 343-415.
504 ## - BIBLIOGRAPHY, ETC. NOTE
Bibliography, etc. note Bibliographical footnotes.
650 #0 - SUBJECT ADDED ENTRY--TOPICAL TERM
Topical term or geographic name entry element Constitutional history
Geographic subdivision India.
710 1# - ADDED ENTRY--CORPORATE NAME
Corporate name or jurisdiction name as entry element India (Republic)
Title of a work Constitution.
710 1# - ADDED ENTRY--CORPORATE NAME
Corporate name or jurisdiction name as entry element India (Republic)
Title of a work Laws, statutes, etc.

No items available.

Powered by Koha